Chiến lược kinh doanh và kế hoạch hoá nội bộ doanh nghiệp
Spremljeno u:
| Glavni autor: | |
|---|---|
| Format: | Knjiga |
| Jezik: | Undetermined |
| Izdano: |
Hà Nội
Khoa học và Kỹ thuật
2004
|
| Teme: | |
| Oznake: |
Dodaj oznaku
Bez oznaka, Budi prvi tko označuje ovaj zapis!
|
| Thư viện lưu trữ: | Trung tâm Học liệu Trường Đại học Cần Thơ |
|---|
| LEADER | 00633nam a2200193Ia 4500 | ||
|---|---|---|---|
| 001 | CTU_64639 | ||
| 008 | 210402s9999 xx 000 0 und d | ||
| 020 | |b 15000 | ||
| 082 | |a 658.401 | ||
| 082 | |b Th502 | ||
| 100 | |a Phan, Thị Ngọc Thuận | ||
| 245 | 0 | |a Chiến lược kinh doanh và kế hoạch hoá nội bộ doanh nghiệp | |
| 245 | 0 | |c Phan Thị Ngọc Thuận | |
| 260 | |a Hà Nội | ||
| 260 | |b Khoa học và Kỹ thuật | ||
| 260 | |c 2004 | ||
| 650 | |a Industrial management,Strategic planning | ||
| 904 | |i Trang (sửa) | ||
| 980 | |a Trung tâm Học liệu Trường Đại học Cần Thơ | ||